Algebraic geometry: the Johns Hopkins centennial lectures

Saved in:
Bibliografiske detaljer
Hovedforfatter: Igusa, Jun-Ichi (Author)
Format: Bog
Sprog:engelsk
Udgivet: Baltimore The John Hopkins University Press 1977
Fag:
Tags: Tilføj Tag
Ingen Tags, Vær først til at tagge denne postø!

MARC

LEADER 00000nam a2200000 a 4500
001 UCW1587
003 CL-VaPUC
008 920812e19770000US |||||||||||||||||eng|d
082 0 4 |a 516.35  |b IGU  |2 21 
100 0 |a Igusa, Jun-Ichi  |e author  |9 305623 
245 1 0 |a Algebraic geometry: the Johns Hopkins centennial lectures 
300 |a 125 p 
942 |c BK 
945 |d 19920812 00:00:00 
260 |a Baltimore  |b The John Hopkins University Press  |c 1977 
650 0 |a Geometría algebraica  |9 270327 
650 0 |a Geometría proyectiva   |9 262638 
650 7 |a GEOMETRIA AFIN  |2 CL-VaPUC  |9 271228 
583 |a last modification  |c 19920812 00:00:00  |k Rodrigo Vera 
999 |c 216462  |d 216460 
952 |0 0  |1 0  |4 0  |6 516_350000000000000_IGU_1977  |7 0  |8 A  |9 202189  |a BIBMAT  |b BIBMAT  |d 2019-11-14  |i 2693127  |o 516.35 IGU 1977  |p 2693127  |r 2025-01-07  |w 2019-11-14  |y BK  |k MAT